Rural Marketing Challenges and Opportunities (Record no. 11817)

MARC details
000 -LEADER
fixed length control field 00432nam a22001817a 4500
003 - CONTROL NUMBER IDENTIFIER
control field OSt
008 - FIXED-LENGTH DATA ELEMENTS--GENERAL INFORMATION
fixed length control field 230130b ||||| |||| 00| 0 eng d
020 ## - INTERNATIONAL STANDARD BOOK NUMBER
International Standard Book Number 9789386062765
082 ## - DEWEY DECIMAL CLASSIFICATION NUMBER
Classification number 658.8 KUR
100 ## - MAIN ENTRY--PERSONAL NAME
Personal name KUMAR,Dinesh
245 ## - TITLE STATEMENT
Title Rural Marketing Challenges and Opportunities
250 ## - EDITION STATEMENT
Edition statement Ed
260 ## - PUBLICATION, DISTRIBUTION, ETC. (IMPRINT)
Place of publication, distribution, etc New Delhi
Name of publisher, distributor, etc Sage
Date of publication, distribution, etc 2017
300 ## - PHYSICAL DESCRIPTION
Extent 494
650 ## - SUBJECT ADDED ENTRY--TOPICAL TERM
Topical term or geographic name as entry element Rural Marketing
700 ## - ADDED ENTRY--PERSONAL NAME
Personal name GUPTA,Punam
942 ## - ADDED ENTRY ELEMENTS (KOHA)
Source of classification or shelving scheme Dewey Decimal Classification
Koha item type Reference Books
Holdings
Withdrawn status Lost status Source of classification or shelving scheme Damaged status Not for loan Collection code Home library Current library Date acquired Source of acquisition Currency Cost, normal purchase price Bill Number Total Checkouts Full call number Acc. no. / Barcode Date last seen Actual Cost, discounted price Bill Date Koha item type
    Dewey Decimal Classification     MBA PIET C-LIBRARY PIET C-LIBRARY 28/12/2022 International Book Centre IN Rupees 575.00 IB/IN/927   658.8 KUR 34490 30/01/2023 402.50 28/12/2022 Reference Books

Design & Developed by: PIET Central Library
R70 Miles Stone Pattikalyana Samalkha Panipat 132102
mail ID :- [email protected], Phone No:- 0180-2569700 Ex.216